[Event "Titled Tue 1st Jul Early"]
[Site "chess.com INT"]
[Date "2025.07.01"]
[Round "3"]
[White "Ternault, Mathieu"]
[Black "Vihaan Karthikeya N"]
[Result "0-1"]
[WhiteTitle "FM"]
[BlackTitle "CM"]
[WhiteElo "2276"]
[BlackElo "2179"]
[WhiteFideId "20641532"]
[BlackFideId "25950673"]
[EventDate "2025.07.01"]

1. e4 c6 2. d4 d5 3. Nc3 dxe4 4. Nxe4 Bf5 5. Ng3 Bg6 6. Nh3 Nf6 7. Nf4 e6 8. Bc4
Nbd7 9. Qe2 Bd6 10. h4 O-O 11. h5 Bf5 12. h6 g6 13. Nxf5 exf5 14. O-O Re8 15.
Qf3 Nb6 16. Bb3 Nbd5 17. Bd2 Re4 18. Nxd5 Nxd5 19. c3 Rh4 20. g3 Re4 21. Rae1
Qe7 22. Bc2 Re6 23. Bb3 Re4 24. Bc2 Re6 25. Rxe6 fxe6 26. Re1 Re8 27. a3 Qf7 28.
Bb3 a5 29. Kg2 b5 30. Qe2 f4 31. g4 Nc7 32. f3 Nd5 33. Bc1 Qe7 34. Bxd5 cxd5 35.
Qxb5 Rb8 36. Qe2 Re8 37. Qf2 Qg5 38. Rh1 Kf7 39. Qh4 Be7 40. Qf2 Rb8 41. Qd2 Qf6
42. Qxf4 Qxf4 43. Bxf4 Rxb2+ 44. Kg3 g5 45. Be5 Bf6 46. f4 Bxe5 47. fxe5 Rb3 48.
Rf1+ Ke7 49. Rf3 Rxa3 50. Kg2 Ra2+ 51. Kf1 a4 52. Ke1 a3 53. c4 dxc4 54. Rc3
Ra1+ 55. Kd2 a2 56. Ra3 Rh1 57. Ra7+ Kf8 58. d5 a1=Q 59. Rxa1 Rxa1 60. d6 Ke8
61. Kc3 Rc1+ 62. Kd4 c3 63. Kc5 Kd7 0-1

[Event "Titled Tue 1st Jul Early"]
[Site "chess.com INT"]
[Date "2025.07.01"]
[Round "3"]
[White "Bluebaum, Matthias"]
[Black "Huh, Isaak"]
[Result "1-0"]
[WhiteTitle "GM"]
[BlackTitle "CM"]
[WhiteElo "2660"]
[BlackElo "2148"]
[WhiteFideId "24651516"]
[BlackFideId "13209590"]
[EventDate "2025.07.01"]

1. d4 d5 2. c4 c6 3. Nf3 Nf6 4. Nc3 e6 5. Qc2 Be7 6. e4 dxe4 7. Nxe4 Nbd7 8. Bd3
Nxe4 9. Bxe4 Nf6 10. Bd3 c5 11. dxc5 Bxc5 12. O-O O-O 13. a3 b6 14. b4 Be7 15.
Bb2 Bb7 16. Ne5 Qc7 17. Rfd1 Rfd8 18. h3 h6 19. Qc3 Rac8 20. Ng4 Qc6 21. Bf1 h5
22. Ne5 Qe4 23. Re1 Qf5 24. Qe3 h4 25. Rad1 Qc2 26. Qc1 Qxc1 27. Bxc1 Ne4 28.
Bb2 Nd6 29. Rd3 Nf5 30. Red1 Rxd3 31. Rxd3 Rd8 32. Rxd8+ Bxd8 33. c5 bxc5 34.
bxc5 f6 35. Bc4 Bc8 36. Nc6 Bc7 37. Nxa7 Bd7 38. Nb5 Bb8 39. a4 Ne7 40. a5 Nc6
41. a6 Na7 42. Nd6 Kf8 43. Ba3 Nc6 44. Kf1 Ke7 45. Be2 g5 46. Nb5 Na7 47. Nxa7
Bxa7 48. c6+ Kd8 49. cxd7 Kxd7 50. Bb2 e5 51. Bg4+ Kc6 52. Ke2 Kb5 53. Bc8 Kb6
54. Ba3 Kc7 55. Bf5 Kb6 56. Be7 Kxa6 57. Bxf6 Kb5 58. Bxg5 Kc5 59. Bxh4 Kd5 60.
f3 e4 61. Bxe4+ Ke5 62. Bg3+ Kf6 63. Bf4 Kg7 64. g4 Bb6 65. h4 Kh8 66. h5 Kg7
67. Be5+ Kh6 68. Bf4+ Kg7 69. h6+ Kh8 70. Bg6 Bd4 71. Kd3 Ba1 72. Ke4 Kg8 73.
Kf5 Kh8 74. Bh5 Kg8 75. g5 Kh7 76. g6+ Kh8 77. Ke6 Kg8 78. Bg5 Kh8 79. f4 Kg8
80. f5 Kh8 81. f6 Kg8 82. f7+ Kf8 83. g7+ Bxg7 84. Be7# 1-0

[Event "Titled Tue 1st Jul Early"]
[Site "chess.com INT"]
[Date "2025.07.01"]
[Round "3"]
[White "Gabrielian, Artur"]
[Black "Pranav, V"]
[Result "0-1"]
[WhiteTitle "GM"]
[BlackTitle "GM"]
[WhiteElo "2407"]
[BlackElo "2594"]
[WhiteFideId "4131002"]
[BlackFideId "25060783"]
[EventDate "2025.07.01"]

1. Nf3 Nf6 2. g3 d5 3. Bg2 c6 4. O-O Bg4 5. d4 Nbd7 6. h3 Bh5 7. c4 e6 8. Qb3
Qb6 9. Nc3 Be7 10. Nh4 O-O 11. g4 Bg6 12. Nxg6 hxg6 13. Rd1 Rfd8 14. g5 Ne8 15.
cxd5 cxd5 16. e4 dxe4 17. Nxe4 Rac8 18. Be3 Nc7 19. Qxb6 Nxb6 20. Nc5 Bxc5 21.
dxc5 Nbd5 22. Rac1 f6 23. gxf6 gxf6 24. Bd2 Kf7 25. b4 Nb5 26. a4 Nd4 27. Kf1 a5
28. Be1 Nc6 29. bxa5 Ra8 30. Rb1 Ra7 31. Rd3 Ke7 32. Rdb3 Rd7 33. Bxd5 exd5 34.
Rb5 d4 35. Bd2 Ke6 36. Re1+ Kd5 37. Re8 Rh7 38. Rg8 g5 39. Kg2 Kc4 40. Rf8 Kd3
41. Bc1 Kc2 42. Ba3 Rxa5 43. Rb2+ Kc3 44. Rxf6 Rxa4 45. Rf3+ d3 46. Ra2 g4 47.
hxg4 Rxg4+ 48. Rg3 Rxg3+ 49. fxg3 Kb3 50. Rd2 Kxa3 51. Rxd3+ Kb4 52. Rd5 Kc4 53.
Rf5 Re7 54. g4 Re5 55. Rf7 Re7 56. Rf5 Nd4 57. Rf4 Kxc5 58. g5 Rg7 59. Rg4 Ne6
60. g6 Nf8 61. Rg5+ Kc6 62. Kf3 Rxg6 63. Rf5 Nd7 64. Rh5 Rf6+ 65. Ke4 Rd6 66.
Rh8 b5 67. Rc8+ Kb6 68. Rc1 Nc5+ 0-1

[Event "Titled Tue 1st Jul Early"]
[Site "chess.com INT"]
[Date "2025.07.01"]
[Round "3"]
[White "Pranesh, M"]
[Black "Campos Gomez, Manuel"]
[Result "1-0"]
[WhiteTitle "GM"]
[BlackTitle "IM"]
[WhiteElo "2592"]
[BlackElo "2359"]
[WhiteFideId "35028600"]
[BlackFideId "4444710"]
[EventDate "2025.07.01"]

1. Nf3 Nf6 2. b3 c5 3. Bb2 Nc6 4. e3 e6 5. g3 Be7 6. Bg2 O-O 7. O-O b5 8. d4 Bb7
9. Nbd2 d6 10. c4 a6 11. Rc1 Qa5 12. a3 Rfd8 13. Qe2 Rac8 14. Rfd1 Qb6 15. h4 b4
16. a4 Na5 17. dxc5 Qxc5 18. Nd4 Bxg2 19. Kxg2 d5 20. cxd5 Qxd5+ 21. N2f3 Rxc1
22. Rxc1 Qb7 23. Qc2 Bd6 24. Nc6 Nxc6 25. Qxc6 Qxc6 26. Rxc6 Ne4 27. Bd4 Ra8 28.
Ne1 Bf8 29. Nd3 Nd2 30. Nc1 h5 31. f3 f6 32. Kf2 e5 33. Bb6 Kf7 34. e4 Ke8 35.
Ke3 Nb1 36. Ne2 Rb8 37. Ba5 Ra8 38. Rc1 Na3 39. f4 Kd7 40. fxe5 fxe5 41. Ng1 Rc8
42. Rxc8 Kxc8 43. Kd3 Kd7 44. Nf3 Bd6 45. Nd2 Bc5 46. Nf3 Ke6 47. Bc7 Bd6 48.
Bb6 Nb1 49. Be3 Nc3 50. Bd2 Bc5 51. Be1 g6 52. Nd2 Bd4 53. Nc4 Na2 54. Bd2 Nc3
55. Be1 Na2 56. Nd2 Nc1+ 57. Kc4 Bc3 58. Nf3 Bxe1 59. Nxe1 Ne2 60. Kxb4 Nxg3 61.
Ka5 Nxe4 62. b4 Nd6 63. Kxa6 Kd5 64. b5 e4 65. b6 Kc6 66. a5 e3 67. Ka7 e2 68.
Nd3 Nb5+ 69. Kb8 Nd6 70. a6 Kxb6 71. a7 Nb7 72. a8=Q Nc5 73. Qa7+ 1-0

[Event "Titled Tue 1st Jul Early"]
[Site "chess.com INT"]
[Date "2025.07.01"]
[Round "3"]
[White "Beyer, Lorenz"]
[Black "Petersen, Marcel"]
[Result "1/2-1/2"]
[WhiteTitle "CM"]
[BlackTitle "CM"]
[WhiteElo "2192"]
[BlackElo "2236"]
[WhiteFideId "16245393"]
[BlackFideId "12935670"]
[EventDate "2025.07.01"]

1. d4 g6 2. Bf4 Bg7 3. Nf3 c6 4. h3 d5 5. e3 Nf6 6. Be2 O-O 7. O-O Bf5 8. c3 Qb6
9. Qb3 Ne4 10. Nbd2 Nd7 11. g4 Nxd2 12. Nxd2 Be6 13. a4 a5 14. Qxb6 Nxb6 15. Bd3
h6 16. Bg3 f5 17. gxf5 Bxf5 18. Bxf5 gxf5 19. Nf3 Kf7 20. Be5 Nc4 21. Bxg7 Kxg7
22. b3 Nd6 23. Ne5 Ne4 24. c4 e6 25. f3 Nd6 26. Kf2 Rg8 27. Rg1+ Kf6 28. Ke2 f4
29. exf4 Nf5 30. Kd3 dxc4+ 31. bxc4 Rxg1 32. Rxg1 Rd8 33. Rg6+ Ke7 34. d5 cxd5
35. c5 Rc8 36. Rg2 Rxc5 37. Rb2 Nd6 38. Rb6 Rc1 39. Ng6+ Kd7 40. Nf8+ Kc7 41.
Rb3 Re1 42. Kd2 Rh1 43. Nxe6+ Kd7 44. Nf8+ Kc6 45. Ng6 Nc4+ 46. Ke2 Rxh3 47.
Ne5+ Kc5 48. Rb5+ Kd4 49. Rxb7 Rh2+ 50. Kf1 Nxe5 51. fxe5 Kxe5 52. Rb5 Ra2 53.
Rxa5 h5 54. Ra8 Kf4 55. Rf8+ Ke3 56. Rh8 Kxf3 57. Ke1 Kg4 58. Rg8+ Kf4 59. Rf8+
Ke4 60. Rh8 Ke3 61. Kd1 Kd3 62. Kc1 Ra1+ 63. Kb2 Rxa4 64. Rxh5 d4 65. Rh3+ Kc4
66. Kc2 Ra2+ 67. Kd1 Rg2 68. Rf3 Rh2 69. Kc1 Re2 70. Kd1 Ra2 71. Rg3 Ra1+ 72.
Kd2 Ra2+ 73. Kd1 Ra8 74. Rh3 Re8 75. Kd2 Rg8 76. Kd1 Rg2 77. Rf3 Rb2 78. Rh3 Ra2
79. Rg3 1/2-1/2

[Event "Titled Tue 1st Jul Early"]
[Site "chess.com INT"]
[Date "2025.07.01"]
[Round "3"]
[White "Iskusnyh, Sergei"]
[Black "Mitrabha, Guha"]
[Result "1/2-1/2"]
[WhiteTitle "GM"]
[BlackTitle "GM"]
[WhiteElo "2440"]
[BlackElo "2515"]
[WhiteFideId "4120027"]
[BlackFideId "5057000"]
[EventDate "2025.07.01"]

1. d4 c5 2. d5 g6 3. e4 Bg7 4. Nf3 d6 5. Bb5+ Bd7 6. a4 Nf6 7. Nc3 O-O 8. O-O
Bxb5 9. axb5 Nbd7 10. Re1 Ne8 11. Bf4 Nc7 12. e5 Nb6 13. exd6 exd6 14. Bg5 f6
15. Bf4 Qd7 16. Qd3 f5 17. h4 h6 18. Re2 c4 19. Qd2 Kh7 20. Rae1 Rfe8 21. Rxe8
Rxe8 22. Rxe8 Qxe8 23. Bxd6 Nxb5 24. Bb4 Nxc3 25. Bxc3 Bxc3 26. Qxc3 Qd7 27. h5
gxh5 28. Qa5 Nxd5 29. Qxa7 Nf4 30. Qe3 Ng6 31. Qc5 b5 32. b3 cxb3 33. cxb3 h4
34. b4 h3 35. gxh3 Nf4 36. Kh2 Nd3 37. Qd4 Qc7+ 38. Kg2 Nf4+ 39. Kf1 Qc1+ 40.
Ne1 Qc7 41. Nf3 Ng6 42. Qd5 Qc1+ 43. Ne1 Qc4+ 44. Qxc4 bxc4 45. b5 Ne5 46. b6
Kg6 47. b7 Nc6 48. Nf3 Kf6 49. Ke2 Ke7 50. Ke3 Kd6 51. Nd4 Nb8 52. Nxf5+ Kc7 53.
Nxh6 Kxb7 54. Nf5 Kc6 55. h4 Kd5 56. h5 Nd7 57. h6 Nf6 58. Ng3 Ng4+ 59. Kf3 Nxh6
60. Ke3 Ng4+ 61. Ke2 Kd4 62. Nf5+ Kd5 63. Ne3+ Nxe3 64. fxe3 Ke4 65. Kd2 c3+ 66.
Kxc3 Kxe3 1/2-1/2

[Event "Titled Tue 1st Jul Early"]
[Site "chess.com INT"]
[Date "2025.07.01"]
[Round "3"]
[White "Arslanov, Shamil"]
[Black "Ibarra Jerez, Jose Carlos"]
[Result "1/2-1/2"]
[WhiteTitle "IM"]
[BlackTitle "GM"]
[WhiteElo "2410"]
[BlackElo "2545"]
[WhiteFideId "4192826"]
[BlackFideId "2226332"]
[EventDate "2025.07.01"]

1. d4 Nf6 2. f3 d5 3. e4 dxe4 4. Nc3 c5 5. d5 exf3 6. Nxf3 g6 7. Bf4 Bg7 8. Qd2
O-O 9. O-O-O a6 10. Be2 b5 11. Ne5 b4 12. Na4 Qa5 13. b3 Ne4 14. Qe3 Nc3 15.
Nxc3 bxc3 16. Kb1 Bf5 17. Bd3 Bxd3 18. Rxd3 Bxe5 19. Bxe5 c4 20. Bxc3 Qd8 21.
Qd4 f6 22. Qxc4 Kh8 23. d6 e5 24. d7 Ra7 25. Rhd1 Rxd7 26. Rxd7 Nxd7 27. Bb4 Rg8
28. Qe6 Rg7 29. g4 Qg8 30. Qd6 h5 31. h3 Qf7 32. Qxa6 e4 33. Qd6 Ne5 34. Bc3 Qe7
35. Bxe5 Qxe5 36. Qxe5 fxe5 37. Re1 hxg4 38. hxg4 Re7 39. Rxe4 Kg7 40. g5 Kf7
41. Re1 Ke6 42. Rf1 e4 43. c3 Rd7 44. Kc2 Ke5 45. a4 e3 46. Rf8 Rd2+ 47. Kc1 Ke4
48. Re8+ Kd3 49. Rd8+ Ke2 50. Re8 Kd3 51. Rd8+ Ke2 52. Re8 Ra2 53. c4 Kd3 54.
Kb1 Rg2 55. a5 Rxg5 56. b4 Kxc4 57. Rxe3 Kxb4 58. Kc2 Rxa5 59. Rg3 Ra2+ 60. Kd1
Ra6 61. Rg5 Kc4 62. Ke2 Kd4 63. Kf3 Rf6+ 64. Kg4 Ke4 65. Ra5 Rf1 66. Ra4+ Ke5
67. Kg5 Rg1+ 68. Rg4 Rxg4+ 69. Kxg4 Kf6 70. Kf4 g5+ 71. Kg4 Kg6 72. Kg3 Kf5 73.
Kf3 g4+ 74. Kg3 Kg5 75. Kg2 Kf4 76. Kf2 g3+ 77. Kg2 Kg4 78. Kg1 Kh3 79. Kh1 Kh4
80. Kg2 Kg4 81. Kg1 Kg5 82. Kg2 Kf4 83. Kg1 Ke3 84. Kg2 Kf4 85. Kg1 Kf3 86. Kf1
Kg4 87. Kg2 Kh4 88. Kg1 Kh3 89. Kh1 g2+ 90. Kg1 Kg4 91. Kxg2 1/2-1/2

[Event "Titled Tue 1st Jul Early"]
[Site "chess.com INT"]
[Date "2025.07.01"]
[Round "3"]
[White "Kozionov, Kirill"]
[Black "Manvelyan, Mikayel"]
[Result "1-0"]
[WhiteTitle "IM"]
[BlackTitle "FM"]
[WhiteElo "2442"]
[BlackElo "2362"]
[WhiteFideId "24101729"]
[BlackFideId "13310143"]
[EventDate "2025.07.01"]

1. d4 Nf6 2. c4 e6 3. Bf4 Bb4+ 4. Nc3 c5 5. e3 O-O 6. Nf3 d5 7. Be2 cxd4 8. exd4
dxc4 9. O-O a6 10. Bxc4 b5 11. Bd3 Bb7 12. Re1 Nc6 13. a3 Bd6 14. Be5 h6 15. Ne4
Be7 16. Rc1 Rc8 17. Nc5 Bxc5 18. Bxf6 Qxf6 19. dxc5 Qxb2 20. Be4 Rfd8 21. Qe2
Qxe2 22. Rxe2 Na5 23. Bxb7 Nxb7 24. c6 Na5 25. Rec2 Rd6 26. c7 Nc4 27. a4 Rxc7
28. axb5 axb5 29. Rb1 Rcd7 30. Rcc1 Rd5 31. g3 g5 32. h3 Kg7 33. Kg2 Rf5 34. Rb4
Rdd5 35. g4 Rf4 36. Rcb1 Rxf3 37. Kxf3 Nd2+ 38. Kg2 Nxb1 39. Rxb1 Kf6 40. Kf3
Ke5 41. Ke3 Kd6 42. Ra1 b4 43. Ra7 Rb5 44. Kd2 b3 45. Kc1 b2+ 46. Kb1 f6 47. Rh7
Ke5 48. Rxh6 Rb4 49. Rh5 Rf4 50. Kxb2 Rxf2+ 51. Kc3 Kf4 52. Rh6 Kg3 53. Kd4 e5+
54. Ke4 Rf3 55. Rh8 Rf4+ 56. Ke3 Kg2 57. Rh6 Rf3+ 58. Ke4 Rf4+ 59. Ke3 e4 60. h4
Rxg4 61. hxg5 fxg5 62. Ra6 Kg3 63. Ra1 Rf4 64. Rg1+ Kh4 65. Rh1+ Kg4 66. Ra1 Rf8
67. Rg1+ Kh4 68. Kxe4 g4 69. Ke3 Kg5 70. Ke2 Kh4 71. Rf1 1-0

[Event "Titled Tue 1st Jul Early"]
[Site "chess.com INT"]
[Date "2025.07.01"]
[Round "3"]
[White "Borgaonkar, Akshay"]
[Black "Unsal, Gorkem"]
[Result "1-0"]
[WhiteTitle "FM"]
[BlackTitle "CM"]
[WhiteElo "2452"]
[BlackElo "2109"]
[WhiteFideId "25639110"]
[BlackFideId "51607484"]
[EventDate "2025.07.01"]

1. d4 c5 2. e4 cxd4 3. Qxd4 Nc6 4. Qd1 g6 5. Nf3 Bg7 6. Bd3 d6 7. O-O Nf6 8. h3
O-O 9. Re1 Be6 10. Nc3 a6 11. a4 Rc8 12. Be3 Ne5 13. Nxe5 dxe5 14. a5 Bc4 15.
Bxc4 Rxc4 16. f3 Nh5 17. Qxd8 Rxd8 18. Red1 Rdc8 19. Rd7 R4c7 20. Rad1 Bf6 21.
Bb6 Rxd7 22. Rxd7 Nf4 23. Rxb7 Rc6 24. Be3 Rd6 25. Rb6 Bg5 26. Rxd6 Nxh3+ 27.
Kf1 exd6 28. Bxg5 Nxg5 29. Nd5 Ne6 30. b4 Kf8 31. b5 Nc5 32. c4 Ke8 33. Nc7+ Kd7
34. Nd5 Kc8 35. Ke2 Kb7 36. Nb4 f5 37. exf5 gxf5 38. g4 f4 39. Kf2 Nb3 40. Nxa6
Nxa5 41. c5 dxc5 42. Nxc5+ Kb6 43. Nd7+ Kxb5 44. Nxe5 Nc4 45. Nd3 Nd6 46. Nxf4
Kc4 47. Ke3 Kc3 48. Nh5 Nc4+ 49. Ke4 Nd2+ 50. Kf4 Kd3 51. Kg3 Ke2 52. f4 Ke3 53.
g5 Ne4+ 54. Kg4 Nf2+ 55. Kf5 Nh3 56. Ke5 Kf3 57. Kf5 Ke3 58. Kg4 Nf2+ 59. Kh4
Ne4 60. f5 Kd4 61. Nf6 Nd6 62. Kg4 Ke5 63. Nd7+ Ke4 64. f6 Kd5 65. Nf8 Nf7 66.
Nxh7 Ke6 67. g6 Ne5+ 68. Kg5 Nd7 69. f7 Ke7 70. f8=Q+ Nxf8 71. Nxf8 Kxf8 72. Kf6
Kg8 73. g7 Kh7 74. Kf7 Kh6 75. g8=Q 1-0

[Event "Titled Tue 1st Jul Early"]
[Site "chess.com INT"]
[Date "2025.07.01"]
[Round "3"]
[White "Fandi, Mazen"]
[Black "Vetokhin, Savva"]
[Result "1/2-1/2"]
[WhiteTitle "FM"]
[BlackTitle "GM"]
[WhiteElo "2302"]
[BlackElo "2569"]
[WhiteFideId "7611625"]
[BlackFideId "44144474"]
[EventDate "2025.07.01"]

1. e4 c5 2. Nf3 d6 3. d4 cxd4 4. Nxd4 Nf6 5. Nc3 Nc6 6. f3 e5 7. Nb3 Be7 8. Be3
O-O 9. Qd2 a5 10. Bb5 Na7 11. Bxa7 Rxa7 12. O-O-O Be6 13. Kb1 Ra8 14. g4 Qb6 15.
a4 Rfc8 16. h4 Qd8 17. h5 Nd7 18. g5 Bxg5 19. Qxd6 Be7 20. Qd2 Nc5 21. Qg2 Qf8
22. Nd5 Nxb3 23. cxb3 Rc5 24. Rd2 Bxd5 25. Rxd5 Rxd5 26. exd5 Bd6 27. Bd3 Qe7
28. Qg4 Qf6 29. Rc1 g6 30. hxg6 hxg6 31. Qh3 Bf8 32. Be4 Rd8 33. Rg1 Qb6 34. Rh1
Bg7 35. Ka2 Qd4 36. Qh4 Re8 37. Qg5 Qb6 38. Bd3 e4 39. Bxe4 Qd4 40. Rh2 Rc8 41.
Rd2 Qb6 42. d6 Rd8 43. d7 Bf6 44. Qd5 Qe3 45. Rg2 Kg7 46. Qd6 Qc1 47. Rd2 Rh8
48. Rc2 Qe1 49. b4 axb4 50. Kb3 Qe3+ 51. Kxb4 b5 52. axb5 Rd8 53. Rc8 Qe1+ 54.
Kc5 Qe3+ 55. Kc6 Qa7 56. Rxd8 Bxd8 57. b6 Qxb6+ 58. Kd5 Qb3+ 59. Kc6 Qxb2 60.
Qc5 Qb8 61. Qd4+ Bf6 62. Qd6 Qa8+ 63. Kc7 Qd8+ 64. Kb7 Be7 65. Qc6 Bf6 66. Qc8
Qe7 67. Qc6 Qb4+ 68. Qb6 Qd2 69. Kc8 Qc1+ 70. Qc7 Qd2 71. d8=Q Bxd8 72. Qxd8
Qc3+ 73. Qc7 Qxc7+ 74. Kxc7 f5 75. Bc2 Kf6 76. Kd6 g5 77. Kd5 g4 78. fxg4 fxg4
79. Ke4 g3 80. Kf3 g2 81. Kxg2 1/2-1/2

[Event "Titled Tue 1st Jul Early"]
[Site "chess.com INT"]
[Date "2025.07.01"]
[Round "3"]
[White "Ivannikov, Maksim"]
[Black "Nugumanov, Bakhtiyar"]
[Result "1-0"]
[WhiteTitle "CM"]
[BlackTitle "IM"]
[WhiteElo "2184"]
[BlackElo "2305"]
[WhiteFideId "34275339"]
[BlackFideId "13701797"]
[EventDate "2025.07.01"]

1. e4 e6 2. d4 d5 3. exd5 exd5 4. Nf3 Nc6 5. Bd3 Nb4 6. Be2 Bf5 7. Na3 Nf6 8. c3
Nc6 9. Nc2 Bd6 10. O-O Qd7 11. Ne3 Be6 12. b4 a6 13. a4 Ng4 14. Nxg4 Bxg4 15. h3
Be6 16. Bb2 O-O 17. Bd3 Bf5 18. b5 axb5 19. axb5 Ne7 20. Re1 Bxd3 21. Qxd3 Ng6
22. c4 dxc4 23. Qxc4 c6 24. b6 Nf4 25. Ne5 Qf5 26. Ng4 Nd3 27. Qc2 Qb5 28. Rxa8
Rxa8 29. Ra1 Re8 30. Bc3 h5 31. Ne3 Nf4 32. Kh1 Qg5 33. Qf5 Qxf5 34. Nxf5 Bf8
35. Ne3 Nd3 36. Kg1 Nf4 37. Kf1 Rb8 38. Ra7 Nd5 39. Nxd5 cxd5 40. Ra5 Rc8 41.
Bd2 Rc2 42. Be3 Rb2 43. Rxd5 Rxb6 44. Rxh5 Rb1+ 45. Ke2 b5 46. Rd5 b4 47. Rb5 b3
48. d5 Ba3 49. Bd4 b2 50. d6 Bxd6 51. Rxb2 Rc1 52. Be3 Rc8 53. Rd2 Be5 54. f4
Bf6 55. Kf3 Re8 56. g4 g6 57. Re2 Bg7 58. Rc2 Rd8 59. Rd2 Rxd2 60. Bxd2 f5 61.
gxf5 gxf5 62. Ke3 Kf7 63. Kd3 Kg6 64. Kc4 Kh5 65. Kd5 Kg6 66. Ke6 Bh6 67. Be3
Bf8 68. Bf2 Bb4 69. Bh4 Bd2 70. Bg5 Bc1 71. Kd5 Bd2 72. Kc4 Bc1 73. Kd3 Ba3 74.
Ke2 Bf8 75. Kf3 Bd6 76. Bd8 Kh5 77. Ba5 Bf8 78. Bd8 Bd6 79. Bg5 Bb8 80. Ke3 Bd6
81. Kf3 Kg6 82. Bd8 Bb4 83. Bb6 Bd6 84. Be3 Ba3 85. Bd2 Bb4 86. Bxb4 1-0

[Event "Titled Tue 1st Jul Early"]
[Site "chess.com INT"]
[Date "2025.07.01"]
[Round "3"]
[White "Karpenko, Anton"]
[Black "Samunenkov, Ihor"]
[Result "1/2-1/2"]
[WhiteTitle "CM"]
[BlackTitle "GM"]
[WhiteElo "2218"]
[BlackElo "2555"]
[WhiteFideId "34374353"]
[BlackFideId "14187086"]
[EventDate "2025.07.01"]

1. e4 c5 2. Nf3 Nc6 3. d4 cxd4 4. Nxd4 g6 5. c4 Nf6 6. Nc3 d6 7. f3 Nxd4 8. Qxd4
Bg7 9. Be3 O-O 10. Qd2 Be6 11. Rc1 Qa5 12. b3 Rfc8 13. Nd5 Qxd2+ 14. Kxd2 Nxd5
15. exd5 Bd7 16. Bd3 a5 17. Rb1 f5 18. h4 e6 19. dxe6 Bxe6 20. Rhc1 Kf7 21. Bb6
Rc6 22. Be3 Rac8 23. a3 Be5 24. Rc2 d5 25. cxd5 Rxc2+ 26. Bxc2 Bxd5 27. Bd3 Ke6
28. Bb6 Bc3+ 29. Ke2 Rc6 30. Be3 Rc8 31. Bb6 Kd6 32. b4 a4 33. Bc5+ Ke6 34. Bb5
Bb3 35. Kd3 Be5 36. Re1 Rd8+ 37. Ke3 Bc3 38. Re2 Bd1 39. Bc4+ Ke5 40. f4+ Kf6
41. Rf2 Bb3 42. Bb6 Re8+ 43. Kd3 Bxc4+ 44. Kxc4 Rc8+ 45. Kb5 Ke6 46. Bc5 Kd5 47.
Re2 Ba1 48. Re7 Bb2 49. Rd7+ Ke4 50. Kxa4 Ra8+ 51. Kb3 Bxa3 52. Rxb7 Kxf4 53.
Rxh7 Kg4 54. Rg7 Kh5 55. Be3 Kxh4 56. Rxg6 Kh5 57. Rg5+ Kh4 58. Rxf5 Re8 59. Rf3
Ra8 60. Rh3+ Kg4 61. Rf3 Kh4 62. Bd2 Kg4 63. Kc4 Bb2 64. b5 Rc8+ 65. Kb4 Rc2 66.
Be3 Be5 67. Rf8 Rb2+ 68. Kc4 Kh5 69. Kd5 Bg7 70. Rb8 Bc3 71. Rb7 Kg6 72. b6 Rxg2
73. Kc6 Rb2 74. Bc5 Ba5 75. Ra7 Bxb6 76. Bxb6 Rc2+ 77. Bc5 Rd2 78. Kb5 Rd5 79.
Kc4 Rd1 80. Bd4 Kf5 81. Kd5 Rd3 82. Ra2 Rd1 83. Rf2+ Kg6 84. Ke5 Re1+ 85. Kd6
Rd1 86. Rf4 Kg5 87. Re4 Kf5 88. Kd5 Rd2 89. Re1 Kg6 90. Rf1 Rd3 91. Ke4 Rg3 92.
Be5 Rg4+ 93. Kd5 Ra4 94. Ke6 Ra6+ 95. Bd6 Kh6 96. Rg1 Rb6 97. Rg2 Ra6 98. Ke5
Kh7 99. Rg3 Kh6 100. Ke6 Kh7 101. Kf7 Rxd6 102. Rh3+ Rh6 103. Rxh6+ Kxh6 1/2-1/2

[Event "Titled Tue 1st Jul Early"]
[Site "chess.com INT"]
[Date "2025.07.01"]
[Round "3"]
[White "Vincenti, Leonardo"]
[Black "Nguyen Hong Nhung"]
[Result "0-1"]
[WhiteTitle "CM"]
[BlackTitle "WFM"]
[WhiteElo "2265"]
[BlackElo "2227"]
[WhiteFideId "28550820"]
[BlackFideId "12412201"]
[EventDate "2025.07.01"]

1. e4 c5 2. Nf3 e6 3. c4 Nc6 4. d4 cxd4 5. Nxd4 Nf6 6. Nc3 Bb4 7. Nxc6 bxc6 8.
Bd3 e5 9. O-O O-O 10. Be3 Bxc3 11. bxc3 d6 12. Qa4 Bd7 13. Qa3 d5 14. cxd5 cxd5
15. exd5 Nxd5 16. Bc5 Re8 17. Be4 Nf4 18. Bd5 Nxd5 19. Qb3 Be6 20. Qa3 Qg5 21.
f3 Nf4 22. g3 Nh3+ 23. Kg2 Qd2+ 24. Kh1 Ng5 25. Rad1 Qc2 26. Rc1 Qg6 27. Rcd1
Qh5 28. c4 Bxc4 29. Rf2 Rad8 30. Qa4 Rxd1+ 31. Qxd1 e4 32. Qd7 Rb8 33. f4 Rb1+
34. Kg2 Qf3+ 35. Rxf3 exf3+ 36. Kf2 Rb2+ 37. Kg1 Nh3+ 38. Qxh3 f2+ 39. Bxf2 Rb1+
40. Be1 Rxe1+ 41. Kf2 Re2+ 42. Kf3 Re8 43. Qd7 Rf8 44. Qc7 Bd5+ 45. Kf2 Bxa2 46.
Qxa7 Be6 47. Qe7 Rc8 48. Qd6 g6 49. Kf3 Rc3+ 50. Kf2 Rc2+ 51. Ke3 Rxh2 52. Qd8+
Kg7 53. Qg5 Rh5 54. Qe7 Rd5 55. Kf3 Bf5 56. Qe1 Rd3+ 57. Kf2 Rb3 58. Qa1+ Kg8
59. Qd4 Rb8 60. Qe5 Rc8 61. Kf3 h5 62. Qf6 Bg4+ 63. Ke3 Re8+ 64. Kd4 Re6 65.
Qd8+ Kg7 66. Qg5 Ra6 67. Qe5+ Kh7 68. Qe7 Be6 69. Ke5 Ra5+ 70. Kd4 Ra4+ 71. Ke5
Ra5+ 72. Ke4 Rd5 73. Qf6 Rd7 74. Ke5 Rd5+ 75. Ke4 Rf5 76. Qe7 Bd5+ 77. Ke3 Be6
78. Qf8 Ra5 79. Ke4 Ra4+ 80. Ke5 Ra6 81. Kf6 Bb3+ 82. Kg5 Ra5+ 83. Kh4 Be6 84.
g4 hxg4 85. Qe7 Rh5+ 86. Kg3 Rh3+ 87. Kg2 Rf3 88. Qh4+ Kg7 89. Qg5 Rb3 90. Qe5+
Kh7 91. Qf6 Rb5 92. Qh4+ Rh5 93. Qf6 Rh3 94. Qg5 Bf5 95. Qf6 Kg8 96. Qd8+ Kg7
97. Qd4+ Kh7 98. Qf6 Be6 99. Qe7 Re3 100. Qg5 Bf5 101. Qh4+ Kg7 102. Qd8 Be4+
103. Kf2 Rf3+ 104. Ke2 Bf5 105. Qd4+ Kh7 106. Qf6 Be6 107. Qh4+ Kg7 108. Qg5 Rh3
109. Qe5+ Kg8 110. Qf6 g3 111. Kf3 Bf5 112. Kg2 Be6 113. Qd8+ Kh7 114. Qg5 Rh5
115. Qxg3 Kg7 116. Qe3 Rd5 117. Qc3+ Kh7 118. Kg3 Rh5 119. Qf6 Rh3+ 120. Kg2 Rb3
121. Qe5 Ra3 122. Qd6 Ra2+ 123. Kg3 Ra5 124. Qd8 Rf5 125. Qe7 Kg7 126. Qd6 g5
127. Qd4+ Kg6 128. fxg5 Rxg5+ 129. Kf2 Rg4 130. Qe5 Bf5 131. Kf3 Re4 132. Qd6+
Re6 133. Qf8 Be4+ 134. Kf4 Bc6 135. Qg8+ Kh6 136. Qh8+ Kg6 137. Qg8+ Kh6 138.
Qg5+ Kh7 139. Qh5+ Kg7 140. Qg5+ Rg6 141. Qc5 Be8 142. Qe5+ Kf8 143. Qh8+ Ke7
144. Ke5 Rg5+ 145. Kd4 Bd7 146. Qh4 f6 147. Qh7+ Ke6 148. Qe4+ Kd6 149. Qf4+ Ke7
150. Ke4 Rg4 151. Qxg4 Bxg4 152. Kf4 f5 153. Kg5 Ke6 154. Kf4 Kd5 155. Kg5 Ke4 0-1

[Event "Titled Tue 1st Jul Early"]
[Site "chess.com INT"]
[Date "2025.07.01"]
[Round "4"]
[White "Jaiveer, Mahendru"]
[Black "Borgaonkar, Akshay"]
[Result "0-1"]
[WhiteTitle "FM"]
[BlackTitle "FM"]
[WhiteElo "2217"]
[BlackElo "2452"]
[WhiteFideId "25611151"]
[BlackFideId "25639110"]
[EventDate "2025.07.01"]

1. d4 Nf6 2. c4 g6 3. Nc3 Bg7 4. e4 d6 5. Nf3 O-O 6. Bd3 Bg4 7. h3 Bxf3 8. Qxf3
Nc6 9. Ne2 Nd7 10. Be3 Nde5 11. dxe5 Nxe5 0-1

[Event "Titled Tue 1st Jul Early"]
[Site "chess.com INT"]
[Date "2025.07.01"]
[Round "4"]
[White "Cornelisse, Lorelei"]
[Black "Alazmi, Amani"]
[Result "1-0"]
[WhiteTitle "WFM"]
[BlackTitle "WCM"]
[WhiteElo "2129"]
[BlackElo "1733"]
[WhiteFideId "1087177"]
[BlackFideId "10303553"]
[EventDate "2025.07.01"]

1. d4 g6 2. e4 d6 3. Nc3 Bg7 4. h4 h6 5. h5 g5 6. f4 gxf4 7. Bxf4 b6 8. Nf3 Bb7
9. Bc4 e6 10. Nh4 Bf6 11. Qg4 Rh7 12. Qxg8+ Kd7 13. Qxh7 Bxh4+ 14. g3 Be7 15.
Qxf7 Nc6 16. Bxe6# 1-0

[Event "Titled Tue 1st Jul Early"]
[Site "chess.com INT"]
[Date "2025.07.01"]
[Round "4"]
[White "Paltrinieri, Nicholas"]
[Black "Terry, Renato"]
[Result "0-1"]
[WhiteTitle "FM"]
[BlackTitle "IM"]
[WhiteElo "2359"]
[BlackElo "2508"]
[WhiteFideId "828262"]
[BlackFideId "3803457"]
[EventDate "2025.07.01"]

1. d4 e6 2. Bf4 Nf6 3. e3 b6 4. Nf3 Bb7 5. h3 Bd6 6. Bd3 O-O 7. O-O Bxf4 8. exf4
c5 9. Nbd2 Qc7 10. g3 d6 11. dxc5 bxc5 12. Qe2 Nbd7 13. Rfe1 Rfe8 14. Ne4 c4 15.
Nxd6 Qxd6 16. Bxc4 Qc6 0-1